Trainer der Bundesliga 2010/11 - Statistiken

Allgemein
  • Dieses Quiz wurde 107 mal gespielt
  • Das Durchschnittsergebnis liegt bei 11 aus 18
Antwortstatistiken
# Verein Amtszeit Trainer % Korrekt
1 Borussia Dortmund 01.07.2008 - 30.06.2015 Jürgen Klopp
99%
3 Bayern München 01.07.2009 - 09.04.2011 Louis van Gaal
91%
4 Hannover 96 19.01.2010 - 27.12.2013 Mirko Slomka
83%
13 Werder Bremen 10.05.1999 - 14.05.2013 Thomas Schaaf
83%
5 1. FSV Mainz 05 03.08.2009 - 30.06.2014 Thomas Tuchel
83%
14 FC Schalke 04 01.07.2009 - 16.03.2011 Felix Magath
71%
6 1. FC Nürnberg 22.12.2009 - 21.12.2012 Dieter Hecking
70%
11 1899 Hoffenheim 01.07.2006 - 31.12.2010 Ralf Rangnick
69%
9 SC Freiburg 01.07.2007 - 30.06.2011 Robin Dutt
69%
2 Bayer Leverkusen 01.07.2009 - 30.06.2011 Jupp Heynckes
66%
8 Hamburger SV 01.07.2010 - 12.03.2011 Armin Veh
60%
18 FC St. Pauli 21.11.2006 - 30.06.2011 Holger Stanislawski
53%
16 Borussia Mönchengladbach 01.07.2009 - 13.02.2011 Michael Frontzeck
40%
17 Eintracht Frankfurt 01.07.2009 - 21.03.2011 Michael Skibbe
40%
7 1. FC Kaiserslautern 01.07.2009 - 19.03.2012 Marco Kurz
39%
12 VfB Stuttgart 07.12.2009 - 13.10.2010 Christian Gross
33%
10 1. FC Köln 01.07.2009 - 24.10.2010 Zvonimir Soldo
31%
15 VfL Wolfsburg 01.07.2010 - 07.02.2011 Steve McClaren
29%
Keine übereinstimmenden Quizze gefunden
Verteilung der Resultate
Anzahl Personen mit jedem Resultat
Perzentil nach korrekt beantworteten Fragen
Ihre Resultats-Entwicklung
Sie haben dieses Quiz noch nicht gespielt